Sabrina Carpenter Albums Sudden Death - Statistics

General Stats
  • This quiz has been taken 132 times
  • The average score is 6 of 7
Answers on the Grid
Answers color-coded by a green-red scale on the quiz's grid according to % correct below.
Man's Best Friend
Short n' Sweet
Emails I Can't Send
EVOLution
Eyes Wide Open
Singular Act I
Singular Act II
SOUR
The Life of a Showgirl
locket
The Rise and Fall of a Midwest Princess
Espresso
The Art of Loving
This Music May Contain Hope
Hit Me Hard and Soft
Fancy Some More?
 
Answer Stats
Answer % Correct
Man's Best Friend
92%
Short n' Sweet
92%
Emails I Can't Send
88%
Singular Act I
74%
Singular Act II
73%
Eyes Wide Open
71%
EVOLution
65%
No matching quizzes found
Score Distribution
Percent of People with Each Score
Percentile by Number Answered
Your Score History
You have not taken this quiz